The scrolls from the dead sea / (Record no. 125071)

MARC details
000 -LEADER
fixed length control field 00578nam a22002057a 4500
005 - DATE AND TIME OF LATEST TRANSACTION
control field 20170124105948.0
010 ## - LIBRARY OF CONGRESS CONTROL NUMBER
LC control number 543158
020 ## - INTERNATIONAL STANDARD BOOK NUMBER
Terms of availability 00.00
035 ## - SYSTEM CONTROL NUMBER
System control number 543158
037 ## - SOURCE OF ACQUISITION
Source of stock number/acquisition Cen Lib/Ret
040 ## - CATALOGING SOURCE
Original cataloging agency DPL
Language of cataloging EN
082 ## - DEWEY DECIMAL CLASSIFICATION NUMBER
Classification number 280.7
Item number WIL
100 ## - MAIN ENTRY--PERSONAL NAME
Personal name Wilson, Edmund
9 (RLIN) 12905
245 ## - TITLE STATEMENT
Title The scrolls from the dead sea /
Statement of responsibility, etc by Edmund Wilson
260 ## - PUBLICATION, DISTRIBUTION, ETC. (IMPRINT)
Place of publication, distribution, etc New York
Name of publisher, distributor, etc Oxford Unversity Press
Date of publication, distribution, etc 1955
300 ## - PHYSICAL DESCRIPTION
Extent vi,121p.
Dimensions 18cm(Hb)
650 ## - SUBJECT ADDED ENTRY--TOPICAL TERM
Topical term or geographic name as entry element Dead Sea scrolls.
9 (RLIN) 12906
650 ## - SUBJECT ADDED ENTRY--TOPICAL TERM
Topical term or geographic name as entry element Manuscrits de la mer Morte.
9 (RLIN) 12907
942 ## - ADDED ENTRY ELEMENTS (KOHA)
Source of classification or shelving scheme Dewey Decimal Classification
Koha item type English Books
Classification part 280.7
Call number suffix WIL
Holdings
Withdrawn status Lost status Damaged status Not for loan Home library Current library Date acquired Source of acquisition Cost, normal purchase price Total Checkouts Full call number Barcode Date last seen Copy number Cost, replacement price Price effective from Koha item type Public note
Written off       Central Library Central Library 19/06/2015 Cen Lib/Ret 0.00   280.7 WIL 543158 19/06/2015 1 0.00 19/06/2015 English Books W/d list no. 6838/1

© Delhi Public Library
Hit Counter
free hit counter